000 00302nam a22001337a 4500
008 170522b xxu||||| |||| 00| 0 eng d
020 _a00704844252
041 _aeng
080 _22ND
_a94
100 _a16
101 _aSHH
245 _aFIELDBOOK OF NATURAL HISTORY
_cPALMER, E.L
942 _2udc
_cBK
999 _c13622
_d13622